| 000 | 00595nam a22001697a 4500 | ||
|---|---|---|---|
| 020 | _qHard Cover. | ||
| 082 | _a004 | ||
| 100 | _aShahid, Jahanzeb | ||
| 245 |
_aDeninl of Service Attack Mitigation Technique for Wireless Networks using Machine Learning Methodology / _cJahanzeb Shahid. |
||
| 260 |
_aIslamabad: _bSEECS - NUST. _c2017. |
||
| 300 |
_a80 p. : ill. ; _c30cm. |
||
| 650 |
_aMs Thesis. _918721 |
||
| 700 |
_aDr. Shahzad Saleem. _916170 |
||
| 856 | _uhttp://10.250.8.41:8080/xmlui/handle/123456789/25097 | ||
| 942 |
_2ddc _cTHE |
||
| 999 |
_c528206 _d528206 |
||